| 000 | 01664nam a2200265Ia 4500 | ||
|---|---|---|---|
| 001 | 2155 | ||
| 008 | 230305s2001 xx 000 0 und d | ||
| 020 | _a8435153745409 | ||
| 043 | _aen_UK | ||
| 041 | _aspa | ||
| 245 | 0 | _aEn construcción | |
| 260 |
_a _bOviedo TV, _c2001 |
||
| 300 | _a1 disco DVD | ||
| 520 | _aEn un emblemático barrio popular de Barcelona, amenazado por un plan de reforma, se emprende la construcción de un bloque de viviendas. Queríamos conocer la intimidad de una construcción, así que nos metimos ahí, cuando ese espacio era todavía un solar donde los chavales jugaban a fútbol. Sobre este terreno buscamos la forma de convivir, conocer y rodar -así, por este orden- que nos permitiera abordar tanto el anecdotario de la propia obra como el que ésta generaba a su alrededor; en esa cotidianidad quebrada por el estruendo de los derribos, entre sus vecinos, en el barrio (de hecho la imagen del barrio se concretó en la del puñado de rostros que a nuestros ojos lo representaban). En este proceso, pronto advertimos que la mutación del paisaje urbano implicaba también una mutación en el paisaje humano, y que en este movimiento se podrían reconocer ciertos ecos del mundo. Sobre estos cimientos construimos una película. | ||
| 590 | _bIdiomas disponibles: castellano. Subtítulos disponibles: catalán, inglés y francés | ||
| 650 | 0 |
_aFeature films _926078 |
|
| 700 |
_aGuerin, José Luís, _eAuthor _921814 |
||
| 902 | _a178 | ||
| 905 | _am | ||
| 911 | _ahttps://biblioteca.tbs-education.es/portadas/8435153745409.jpg | ||
| 912 | _a2001-01-01 | ||
| 942 | _a1 | ||
| 953 | _d2018-04-27 15:35:41 | ||
| 999 |
_c2095 _d2095 |
||